000 00873nas a22002297a 4500
005 20260529161019.0
008 260529b19972000porz||j| |||| 00| z por d
040 _cBR-ViAPE
245 _aRevista Orla Turismo & Negócios
260 _aVitória
_bCIN - Comunicação Integrada Ltda
_c1997-2000
300 _av.
_bil.
310 _aIrregular
362 _aAno 9, n. 70 (abr. 1997) - ano 13, n. 90 (set. out. 2000).
500 _aDisponibilizada apenas a imagem da capa na versão digital, em virtude de restrições de direitos autorais.
500 _aColeção incompleta: disponíveis apenas alguns números do periódico.
650 _aTurismo
_xCapixaba
_xEventos
_zEspírito Santo
651 _aEspírito Santo (Brasil)
_vPeriódicos
700 _aGurgel, Itamar
_eDiretor
710 _aCIN - Comunicação Integrada Ltda
942 _2ddc
_cPER
_n1
999 _c736
_d736